| 000 | 00978nam a2200265Ia 4500 | ||
|---|---|---|---|
| 003 | OSt | ||
| 005 | 20220923211605.0 | ||
| 006 | a|||||r|||| 00| 0 | ||
| 007 | ta | ||
| 008 | 220922b |||||||| |||| 00| 0 pan d | ||
| 020 |
_a9789387640092 (hbk) _c350 |
||
| 024 | _a352,599 | ||
| 037 |
_b1180, 22/01/2020, H.K. Prakashan _cTextual |
||
| 040 |
_aARTS _cARTS _bpan |
||
| 041 |
_2pan _apan |
||
| 082 | _aO153(Y15),1:g, Q8 | ||
| 100 |
_aਗੁਪਤਾ, ਅFਵਨੀ, ੳਗ. _9160893 |
||
| 245 | 0 | _aਚੋਣਵੀ੍ਵ ਪੰਜਾਬੀ ਨਾਰੀ ਫ਼ਗ਼ਲ | |
| 260 |
_aਪੰਚਕੁਲਾ _b ਹਰਿਆਣਾ ਪੰਜਾਬੀ ਸਾਹਿਤ ਅਕਾਦਮੀ _c2018 |
||
| 300 |
_a256ਪੰ _ccm. |
||
| 650 | _a ਪੰਜਾਬੀ ਸਾਹਿਤ | ||
| 650 | _aਸ਼ਚਅਹ਼ਲਜ | ||
| 942 |
_hO153(Y15),1:g, Q8 _cTEXL _2CC |
||
| 999 |
_c301113 _d301113 |
||